Normal view
MARC view
- Mian Raza Rabbani
Entry Personal Name
001 - CONTROL NUMBER
- control field: 9455
003 - CONTROL NUMBER IDENTIFIER
- control field: NUST
005 - DATE AND TIME OF LATEST TRANSACTION
- control field: 20180122103120.0
008 - FIXED-LENGTH DATA ELEMENTS
- fixed length control field: 180122|| aca||aabn | a|a d
040 ## - CATALOGING SOURCE
- Original cataloging agency: NUST
- Transcribing agency: NUST
100 ## - HEADING--PERSONAL NAME
- Personal name: Mian Raza Rabbani
670 ## - SOURCE DATA FOUND
- Source citation: Work cat.: (NUST)321336: Mian Raza Rabbani, A biography of Pakistani federalism : unity in diversity, 2011
